Arctic Monkeys Lyrics - Da Frame 2R - Statistics

General Stats
  • This quiz has been taken 26 times
  • The average score is 151 of 253
Answer Stats
Lyrics % Correct
a
94%
an
94%
and
94%
And
94%
be,
89%
be
89%
to
89%
007
83%
the
83%
you
83%
Are
78%
in
78%
my
78%
so
78%
Wayne
78%
darling
72%
darling)
72%
he
72%
He
72%
is
72%
it
72%
it's
72%
It's
72%
like
72%
never
72%
not
72%
Not
72%
of
72%
two
72%
(Two
72%
Two
72%
when
72%
him
67%
on
67%
said
67%
shitting
67%
thing
67%
things
67%
what
67%
will
67%
you'll
67%
another
61%
Another
61%
because
61%
Brucey
61%
dancing
61%
Drawing
61%
handsome,
61%
stood
61%
them
61%
there's
61%
They
61%
they
61%
win
61%
can't
56%
claim
56%
come
56%
He's
56%
he's
56%
his
56%
looks
56%
love
56%
boring
50%
first
50%
from
50%
last
50%
name
50%
nights
50%
one
50%
push
50%
that
50%
away
44%
but
44%
But
44%
every
44%
for
44%
frame
44%
has
44%
idea
44%
own
44%
past
44%
sens
44%
she's
44%
shove
44%
Ten
44%
with
44%
alone
39%
Coming
39%
land
39%
this
39%
where
39%
as
33%
been
33%
don't
33%
faster
33%
Further
33%
kick
33%
kid,
33%
know
33%
recently
33%
shown
33%
sturdier
33%
thud
33%
tin
33%
up
33%
Well,
33%
consecutive
28%
going,
28%
incredible
28%
must
28%
percent
28%
times,
28%
war
28%
arm
22%
around
22%
conclusion,
22%
feel
22%
good
22%
hard
22%
knows
22%
Or
22%
roams
22%
spat
22%
trouble
22%
twat
22%
at
17%
certainly
17%
chat
17%
dropped
17%
-lines
17%
other
17%
penny
17%
roll
17%
worry
17%
about
11%
Forgot
11%
into
11%
opposed
11%
sneered
11%
He'll
6%
sniffed
6%
No matching quizzes found
Score Distribution
Percent of People with Each Score
Percentile by Number Answered
Your Score History
You have not taken this quiz